000
00292nam a2200121Ia 4500
008
220204s9999 xx 000 0 und d
082
_a
621.38
_b
LEN
100
_a
Lenk, John D
245
0
_a
Manual for mos users
260
_a
Reston
_b
Reston
_c
1975
650
_a
Electronic system
942
_c
BK
999
_c
26875
_d
26875